<?xml version="1.0" encoding="UTF-8"?>
<record
    xmlns:xsi="http://www.w3.org/2001/XMLSchema-instance"
    xsi:schemaLocation="http://www.loc.gov/MARC21/slim http://www.loc.gov/standards/marcxml/schema/MARC21slim.xsd"
    xmlns="http://www.loc.gov/MARC21/slim">

  <leader>01771nam a22004337a 4500</leader>
  <controlfield tag="003">OSt</controlfield>
  <controlfield tag="005">20240125085055.0</controlfield>
  <controlfield tag="007">sd uszgzdzp|ez</controlfield>
  <controlfield tag="008">231010b        |||||||| |||| 00| 0 eng d</controlfield>
  <datafield tag="040" ind1=" " ind2=" ">
    <subfield code="c">Sound / TransMedia</subfield>
  </datafield>
  <datafield tag="050" ind1="0" ind2="4">
    <subfield code="a">M1473 </subfield>
    <subfield code="b">F67 2021</subfield>
  </datafield>
  <datafield tag="100" ind1=" " ind2=" ">
    <subfield code="a">Fork, Arthur Henry</subfield>
  </datafield>
  <datafield tag="245" ind1="0" ind2="0">
    <subfield code="a">Binario </subfield>
    <subfield code="c"> / Arthur Henry Fork.</subfield>
  </datafield>
  <datafield tag="250" ind1=" " ind2=" ">
    <subfield code="a">1a ed.</subfield>
  </datafield>
  <datafield tag="260" ind1=" " ind2=" ">
    <subfield code="a">M&#xE9;xico : </subfield>
    <subfield code="b">I0I recorded at Sismo Studio, </subfield>
    <subfield code="c">2021</subfield>
  </datafield>
  <datafield tag="300" ind1=" " ind2=" ">
    <subfield code="a">1 Disco compacto ;</subfield>
    <subfield code="c">4 3/4 plg.</subfield>
  </datafield>
  <datafield tag="306" ind1=" " ind2=" ">
    <subfield code="a">00:42:99</subfield>
  </datafield>
  <datafield tag="500" ind1=" " ind2=" ">
    <subfield code="a">Disco Compacto</subfield>
  </datafield>
  <datafield tag="505" ind1="0" ind2=" ">
    <subfield code="t">1. 1 W /</subfield>
    <subfield code="r">Christine Abdelnour (06:43) --</subfield>
    <subfield code="t">2. 10 W / </subfield>
    <subfield code="r">Rodrigo Ambriz (05:08) --</subfield>
    <subfield code="t">3. 11 W /</subfield>
    <subfield code="r">Ram&#xF3;n del Buey (03:52) --</subfield>
    <subfield code="t">4. 100 W /</subfield>
    <subfield code="r">Carmina Escobar (06:18) --</subfield>
    <subfield code="t">5. 101 W/</subfield>
    <subfield code="r">Don Malfon (06:26) --</subfield>
    <subfield code="t">6. 110 W /</subfield>
    <subfield code="r">Sarmen Almond (03:06) --</subfield>
    <subfield code="t">7. W/</subfield>
    <subfield code="r">Ang&#xE9;lica Castell&#xF3; (06:33) --</subfield>
    <subfield code="t">8. 1000 W /</subfield>
    <subfield code="r">Jaap Blonk.</subfield>
  </datafield>
  <datafield tag="511" ind1=" " ind2=" ">
    <subfield code="a">duo collaborations with artist working with breath featuring : Christine Abdelnour ... [et al].</subfield>
  </datafield>
  <datafield tag="518" ind1=" " ind2=" ">
    <subfield code="d">12 de marzo de 2021</subfield>
    <subfield code="p">Mexico / France / Netherlands / Vienna / Spain / L.A.</subfield>
  </datafield>
  <datafield tag="530" ind1=" " ind2=" ">
    <subfield code="a">I0I recorded at Sismo Studio</subfield>
  </datafield>
  <datafield tag="546" ind1=" " ind2=" ">
    <subfield code="a">Ingl&#xE9;s</subfield>
  </datafield>
  <datafield tag="650" ind1=" " ind2="7">
    <subfield code="2">lemb</subfield>
    <subfield code="a">Musica electr&#xF3;nica</subfield>
  </datafield>
  <datafield tag="650" ind1=" " ind2="7">
    <subfield code="2">lemb</subfield>
    <subfield code="a">Sonido</subfield>
    <subfield code="x">Aparatos e instrumentos</subfield>
  </datafield>
  <datafield tag="650" ind1=" " ind2="7">
    <subfield code="2">lemb</subfield>
    <subfield code="a">Sonido </subfield>
    <subfield code="x">Grabaci&#xF3;n y reproducci&#xF3;n</subfield>
  </datafield>
  <datafield tag="700" ind1="1" ind2=" ">
    <subfield code="a">Fork, Arthur Henry, </subfield>
    <subfield code="d">1961-2022</subfield>
  </datafield>
  <datafield tag="700" ind1="1" ind2=" ">
    <subfield code="a">Abdelnour, Christine, </subfield>
    <subfield code="e">saxofonista</subfield>
  </datafield>
  <datafield tag="700" ind1="1" ind2=" ">
    <subfield code="a">Ambriz Rodrigo, </subfield>
    <subfield code="e">voz</subfield>
  </datafield>
  <datafield tag="700" ind1="1" ind2=" ">
    <subfield code="a">Buey, Ram&#xF3;n del, </subfield>
    <subfield code="e">clarinete bajo</subfield>
  </datafield>
  <datafield tag="700" ind1="1" ind2=" ">
    <subfield code="a">Escobar, Carmina, </subfield>
    <subfield code="e">voz</subfield>
  </datafield>
  <datafield tag="700" ind1="1" ind2=" ">
    <subfield code="a">Malfo, Don, </subfield>
    <subfield code="e">saxofonista</subfield>
  </datafield>
  <datafield tag="700" ind1="1" ind2=" ">
    <subfield code="a">Almond, Sarmen, </subfield>
    <subfield code="e">voz</subfield>
  </datafield>
  <datafield tag="700" ind1="1" ind2=" ">
    <subfield code="a">Castell&#xF3;, Ang&#xE9;lica, </subfield>
    <subfield code="e">flautista</subfield>
  </datafield>
  <datafield tag="700" ind1="1" ind2=" ">
    <subfield code="a">Blonk, Jaap, </subfield>
    <subfield code="e">voz</subfield>
  </datafield>
  <datafield tag="700" ind1="1" ind2=" ">
    <subfield code="a">Fork, Arthur Henry, </subfield>
    <subfield code="e">guitarrista</subfield>
  </datafield>
  <datafield tag="856" ind1=" " ind2=" ">
    <subfield code="3">htt://arthurhenryfork.org</subfield>
  </datafield>
  <datafield tag="942" ind1=" " ind2=" ">
    <subfield code="2">lcc</subfield>
    <subfield code="c">DIC</subfield>
  </datafield>
  <datafield tag="999" ind1=" " ind2=" ">
    <subfield code="c">76852</subfield>
    <subfield code="d">76852</subfield>
  </datafield>
  <datafield tag="952" ind1=" " ind2=" ">
    <subfield code="0">0</subfield>
    <subfield code="1">0</subfield>
    <subfield code="2">lcc</subfield>
    <subfield code="4">0</subfield>
    <subfield code="7">0</subfield>
    <subfield code="a">LIC-037</subfield>
    <subfield code="b">LIC-037</subfield>
    <subfield code="c">GENERAL</subfield>
    <subfield code="d">2023-11-06</subfield>
    <subfield code="e">DON</subfield>
    <subfield code="l">0</subfield>
    <subfield code="o">M1473 F67 2021</subfield>
    <subfield code="p">BBA000003525</subfield>
    <subfield code="r">2023-11-06 00:00:00</subfield>
    <subfield code="t">1</subfield>
    <subfield code="v">1.00</subfield>
    <subfield code="y">DIC</subfield>
  </datafield>
  <datafield tag="952" ind1=" " ind2=" ">
    <subfield code="0">0</subfield>
    <subfield code="1">0</subfield>
    <subfield code="2">lcc</subfield>
    <subfield code="4">0</subfield>
    <subfield code="7">0</subfield>
    <subfield code="a">LIC-037</subfield>
    <subfield code="b">LIC-037</subfield>
    <subfield code="c">GENERAL</subfield>
    <subfield code="d">2023-11-09</subfield>
    <subfield code="e">DON</subfield>
    <subfield code="l">0</subfield>
    <subfield code="o">M1473 F67 2021</subfield>
    <subfield code="p">BBA000003526</subfield>
    <subfield code="r">2023-11-09 00:00:00</subfield>
    <subfield code="t">2</subfield>
    <subfield code="v">1.00</subfield>
    <subfield code="y">DIC</subfield>
  </datafield>
</record>
